000 00456nmm a2200157Ia 4500
008 251105s9999||||xx |||||||||||||||||und||
041 _aspa
100 _aMorales, Javier
245 0 _aEl día que dejé de comer animales
264 _a[Madrid, España] :
_bSílex Ediciones,
_c2017
300 _a90 páginas
490 _aCuentahilos
650 _aMind, body and spirituality
856 _uhttps://public.digitaliapublishing.com/a/62987
942 _cCF
999 _c98950
_d98950